000
00297nam a2200121Ia 4500
008
170620s9999 xx 000 0 und d
100
_a
MAHAJAN - NEELAM
245
0
_a
DRUG STORE & BUSINESS MANAGEMENT
260
_b
BIRLA
260
_c
2006
300
_a
283
546
_a
English
690
_a
DRUG STORE & BUSINESS MANAGEMENT
999
_c
31005
_d
31005